राष्ट्रपती गिरी- अलौकिक गरुडझेप (Record no. 406026)

MARC details
000 -LEADER
fixed length control field 00738nam a2200181Ia 4500
008 - FIXED-LENGTH DATA ELEMENTS--GENERAL INFORMATION
fixed length control field 100122s9999 xx 000 0 und d
082 ## - DEWEY DECIMAL CLASSIFICATION NUMBER
Item number 15894
Classification number 923.254
100 ## - MAIN ENTRY--PERSONAL NAME
Personal name लिमये अनंत हरी
245 ## - TITLE STATEMENT
Title राष्ट्रपती गिरी- अलौकिक गरुडझेप
250 ## - EDITION STATEMENT
Edition statement 0
260 ## - PUBLICATION, DISTRIBUTION, ETC. (IMPRINT)
Name of publisher, distributor, etc व्हीनस प्रकाशन
Date of publication, distribution, etc 1969
300 ## - PHYSICAL DESCRIPTION
Extent 128
520 ## - SUMMARY, ETC.
Summary, etc माळयावर- गठ्ठा-1
620 ## -
-- माळयावर- गठ्ठा-1
630 ## - SUBJECT ADDED ENTRY--UNIFORM TITLE
Uniform title राष्ट्रपती गिरी- अलौकिक गरुडझेप
730 ## - ADDED ENTRY--UNIFORM TITLE
Uniform title राष्ट्रपती गिरी- अलौकिक गरुडझेप
942 ## - ADDED ENTRY ELEMENTS (KOHA)
Koha item type Book
Holdings
Withdrawn status Lost status Damaged status Not for loan Home library Current library Shelving location Date acquired Cost, normal purchase price Total Checkouts Full call number Barcode Date last seen Cost, replacement price Price effective from Koha item type Public note
        S.V. Pathak Library, Vile Parle S.V. Pathak Library, Vile Parle   09/17/1969 5.00   15894 SVPPARLE-15894 01/25/2010 5.00 01/25/2010 Book गठ्ठा 1 General NA